000 01121pam a2200313 a 4500
001 4056
005 20240604104705.0
020 _a046594003751
040 _aDLC
_cDLC
_dDLC
_beng
050 0 0 _aPZ7.G85347
_b1997
082 0 0 _a394.2
100 1 _aGreer, Gery
245 1 0 _aBilly the Ghost and me /
_cstory by Gery Greer and Bob Ruddick ; pictures by Roger Roth
250 _aFirst Harper Trophy edition , 1997
260 _aNew York :
_bHarperCollins ;
_c1997
300 _a47 pages :
_bcolor illustrations ;
_c22 cm.
490 _a An I Can Read Chapter Book
505 _aJ
520 _aYoung Sarah, with the help of her friend Billy the Ghost, proves herself as a deputy by planning the perfect capture of two bank robbers in her Western town of Cactus Junction.
521 _a480
_bLexile
521 _aJ
_bRaz-Plus
650 1 _aCowgirls
_vFiction.
650 1 _aGhosts
_vFiction.
650 1 _aRobbers and outlaws
_vFiction.
700 1 _aRuddick, Bob
700 1 _aRoth, Roger
_q(Roger Almon),
_eillustrator
906 _a7
_bcbc
_corignew
_d1
_eocip
_f19
_gy-gencatlg
942 _2ddc
_cBK
_n0
999 _c4056
_d4056